header

Flame spectrometry in environmental chemical analysis (Record no. 56687)

MARC details
000 -LEADER
fixed length control field 01226nam a2200313 a 4500
100 1# - MAIN ENTRY--AUTHOR NAME
Personal name Cresser, Malcolm S.
245 10 - TITLE STATEMENT
Title Flame spectrometry in environmental chemical analysis
260 ## - PUBLICATION, DISTRIBUTION, ETC. (IMPRINT)
Place of publication Cambridge :
Name of publisher Royal Society of Chemistry,
Year of publication 1994.
300 ## - PHYSICAL DESCRIPTION
Number of Pages x, 108 p.
650 #0 - SUBJECT ADDED ENTRY--TOPICAL TERM
Topical Term Flame spectroscopy.
856 40 - ELECTRONIC LOCATION AND ACCESS
Uniform Resource Identifier http://site.ebrary.com/lib/rucke/Doc?id=10621163

No items available.

© 2026 Rongo University
Contact us: librarian | system librarian | Rongo university